La Trilogie du Samedi (M6) - Statistiques

Statistiques générales
  • Ce quiz a été pris 42 fois
  • Le résultat moyen est 12 sur 46
Statistiques - réponses
Série diffusée % Correct
Charmed
94%
Buffy contre les vampires
79%
Le Caméléon
68%
Smallville
53%
NCIS: Enquêtes spéciales
47%
Alias
41%
Stargate SG-1
41%
Médium
38%
Stargate Atlantis
38%
Supernatural
38%
The Sentinel
38%
Kyle XY
35%
Roswell
32%
Bones
29%
Dark Angel
29%
John Doe
29%
Prison Break
29%
Profiler
29%
Dead Zone
24%
Les 4400
24%
Dark Skies: L'Impossible Vérité
21%
Mutant X
21%
Hex: La Malédiction
18%
Jake 2.0
18%
Jericho
18%
Kingdom Hospital
18%
L'immortelle
18%
Tru Calling: Compte à rebours
18%
FreakyLinks
15%
Missing: Disparus sans laisser de trace
15%
Nick Cutter et les Portes du Temps
15%
Numb3rs
15%
The Lost Room
15%
FX, Effets spéciaux
12%
Journeyman
12%
Mysterious Ways: Les chemins de l'étrange
12%
Players, les maîtres du jeu
12%
Special Unit 2
12%
Strange World
12%
Triangle: le Mystère des Bermudes
12%
Commander in Chief
9%
Night Stalker: Le Guetteur
9%
Spécial OPS force
9%
Threshold: Premier Contact
9%
Unité 9
9%
Women's Murder Club
9%
Aucun quiz correspondant
Distribution des résultats
% des personnes avec chaque résultat
Percentile par nombre de réponses
Votre historique - résultats
Vous n’avez pas pris ce quiz